000 00496pam a2200193 a 4500
020 _a0849362458
040 _cDLC
082 0 0 _a628 CRC 1983 A042 Or.
245 0 0 _aViral pollution of the environment /
260 _aBoca Raton, Fla. :
_bCRC Press,
_cc1983.
300 _a241 p. :
_bill. ;
_c26 cm.
650 0 _aViral pollution of water.
650 0 _aWater
650 2 _aViruses.
650 2 _aWater microbiology.
650 2 _aWater pollution.
700 1 _aBerg, Gerald,
942 _cEK
999 _c12266
_d12266